Optics (Record no. 3236)
[ view plain ]
| 000 -LEADER | |
|---|---|
| fixed length control field | 00306nam a2200133Ia 4500 |
| 008 - FIXED-LENGTH DATA ELEMENTS--GENERAL INFORMATION | |
| fixed length control field | 191201s2006 xx 000 0 und d |
| 100 ## - MAIN ENTRY--PERSONAL NAME | |
| Personal name | SUBRAHMANYAM, N |
| 245 #0 - TITLE STATEMENT | |
| Title | Optics |
| 250 ## - EDITION STATEMENT | |
| Edition statement | 23th |
| 260 ## - PUBLICATION, DISTRIBUTION, ETC. (IMPRINT) | |
| Place of publication, distribution, etc | N.Delhi |
| Name of publisher, distributor, etc | S Chand and Co. Ltd. |
| Date of publication, distribution, etc | 2006 |
| 300 ## - PHYSICAL DESCRIPTION | |
| Extent | 668 |
| 650 ## - SUBJECT ADDED ENTRY--TOPICAL TERM | |
| Topical term or geographic name as entry element | B.Tech(ECE) |
| 942 ## - ADDED ENTRY ELEMENTS (KOHA) | |
| Source of classification or shelving scheme | Dewey Decimal Classification |
| Koha item type | Text Books |
| Withdrawn status | Lost status | Source of classification or shelving scheme | Damaged status | Not for loan | Collection code | Home library | Current library | Date acquired | Source of acquisition | Cost, normal purchase price | Bill Number | Total Checkouts | Full call number | Acc. no. / Barcode | Date last seen | Date last borrowed | Bill Date | Koha item type |
|---|---|---|---|---|---|---|---|---|---|---|---|---|---|---|---|---|---|---|
| Dewey Decimal Classification | Applied Sc. | PIET C-LIBRARY | PIET C-LIBRARY | 19/09/2007 | UDH, Delhi | 315.00 | 1575 | 4 | 535.2 SUO | 7956 | 17/02/2022 | 04/01/2022 | 31/08/2007 | Text Books | ||||
| Dewey Decimal Classification | Applied Sc. | PIET C-LIBRARY | PIET C-LIBRARY | 19/09/2007 | UDH, Delhi | 315.00 | 1575 | 3 | 535.2 SUO | 7957 | 19/04/2021 | 27/03/2021 | 31/08/2007 | Text Books | ||||
| Dewey Decimal Classification | Applied Sc. | PIET C-LIBRARY | PIET C-LIBRARY | 19/09/2007 | UDH, Delhi | 315.00 | 1575 | 3 | 535.2 SUO | 7958 | 14/02/2022 | 04/01/2022 | 31/08/2007 | Text Books | ||||
| Dewey Decimal Classification | Applied Sc. | PIET C-LIBRARY | PIET C-LIBRARY | 19/09/2007 | UDH, Delhi | 315.00 | 1575 | 1 | 535.2 SUO | 7959 | 22/01/2021 | 07/01/2021 | 31/08/2007 | Text Books | ||||
| Dewey Decimal Classification | Applied Sc. | PIET C-LIBRARY | PIET C-LIBRARY | 19/09/2007 | UDH, Delhi | 315.00 | 1575 | 5 | 535.2 SUO | 7960 | 14/04/2021 | 30/03/2021 | 31/08/2007 | Text Books |